Ninnolam azhamulla kinarukal/ (Record no. 138026)

000 -LEADER
fixed length control field 00401nam a22001457a 4500
082 ## - DEWEY DECIMAL CLASSIFICATION NUMBER
Classification number M1
Item number SAJ/N
100 ## - MAIN ENTRY--PERSONAL NAME
Personal name Saji Kalyani
9 (RLIN) 55489
245 ## - TITLE STATEMENT
Title Ninnolam azhamulla kinarukal/
Statement of responsibility, etc. by Saji Kalyani
260 ## - PUBLICATION, DISTRIBUTION, ETC.
Place of publication, distribution, etc. Thodupuzha:
Name of publisher, distributor, etc. Vicharana Publications,
Date of publication, distribution, etc. 2017.
300 ## - PHYSICAL DESCRIPTION
Extent 106p.
650 ## - SUBJECT ADDED ENTRY--TOPICAL TERM
Topical term or geographic name entry element Poetry Malayalam
9 (RLIN) 55490
650 ## - SUBJECT ADDED ENTRY--TOPICAL TERM
Topical term or geographic name entry element Literature Malayalam
9 (RLIN) 55491
650 ## - SUBJECT ADDED ENTRY--TOPICAL TERM
Topical term or geographic name entry element Literature
9 (RLIN) 55492
942 ## - ADDED ENTRY ELEMENTS (KOHA)
Koha item type Book
Holdings
Withdrawn status Lost status Damaged status Not for loan Permanent Location Current Location Shelving location Date acquired Cost, normal purchase price Total Checkouts Full call number Barcode Date last seen Price effective from Koha item type
        Sree Sankaracharya University of Sanskrit Sree Sankaracharya University of Sanskrit Stacks 06.07.2018 100.00   M1 SAJ/N 091041 06.07.2018 06.07.2018 Book